000
00241nam a22000857a 4500
008
160808b xxu||||| |||| 00| 0 eng d
100
_9
55
_a
Bhatia K.N
245
_a
Super Simplified Science Biology-X
260
_a
Jalandar
_b
S.Dinesh Publication
_c
2014
999
_c
2707
_d
2707